MARC details
| 000 -CABECERA |
| campo de control de longitud fija |
02224cab a2200289 ab4500 |
| 005 - FECHA Y HORA DE LA ÚLTIMA TRANSACCIÓN |
| campo de control |
20250212102552.0 |
| 008 - ELEMENTOS DE LONGITUD FIJA--INFORMACIÓN GENERAL |
| campo de control de longitud fija |
991125c2019 mx fr p o 000 0 spa d |
| 035 ## - NÚMERO DE CONTROL DEL SISTEMA |
| Número de control de sistema |
UPN01000231121 |
| 040 ## - FUENTE DE LA CATALOGACIÓN |
| Centro catalogador/agencia de origen |
MX-MxUPN |
| Lengua de catalogación |
spa |
| Centro/agencia transcriptor |
MX-MxUPN |
| Normas de descripción |
aacr2 |
| 049 ## - COLECCIÓN |
| Colección |
ART-E |
| 100 1# - ASIENTO PRINCIPAL--NOMBRE PERSONAL |
| Nombre de persona |
López Gamboa, Galo Emanuel |
| Enlace |
- galo.lopez@correo.uady.mx |
| 100 1# - ASIENTO PRINCIPAL--NOMBRE PERSONAL |
| Nombre de persona |
Cisneros Cohernour, Edith J. |
| 100 1# - ASIENTO PRINCIPAL--NOMBRE PERSONAL |
| Nombre de persona |
Aguilar Riveroll, Angel Martín |
| 245 10 - MENCIÓN DE TÍTULO |
| Título |
Conceptos de éxito y fracaso desde la perspectiva de estudiantes para profesor en formación |
| 506 0# - NOTA DE RESTRICCIONES AL ACCESO |
| Limitaciones de acceso |
Acceso abierto |
| 520 3# - NOTA DE RESUMEN, ETC. |
| Sumario, etc. |
En esta investigación se analiza cómo se construyen las representaciones sociales que el colectivo docente en formación tiene en relación con los conceptos de éxito o fracaso escolar. Se parte desde el momento de la formación del profesorado, pues es en esta etapa donde la conformación de habitus se consolida a partir de las primeras experiencias prácticas, de la convivencia con docentes experimentados y del intercambio con el grupo de pares en formación. Para recabar los datos, se diseñó un instrumento para el análisis de representaciones sociales de profesores en formación, el cual estuvo constituido por una escala de diferencial semántico que se les presentó a los participantes con el fin de determinar los constructos alumno exitoso y alumno fracasado. Los resultados hallados permiten concluir que existen consensos en la representación social del éxito y del fracaso escolar orientada al esfuerzo continuo y al trabajo perseverante. Estos resultados ofrecen nuevas posibilidades para seguir indagando en este fenómeno, el cual se puede comparar con otras poblaciones y a partir de otras maneras de entender dichos conceptos. RIDE |
| 650 #4 - ASIENTO SECUNDARIO DE MATERIA - TERMINO TEMATICO |
| Término de materia o nombre geográfico como elemento de entrada |
Fracaso escolar |
| 9 (RLIN) |
4966 |
| 653 0# - TERMINO DE INDIZACION - NO CONTROLADO |
| Término no controlado |
Exito escolar |
| 653 0# - TERMINO DE INDIZACION - NO CONTROLADO |
| Término no controlado |
Formación docente |
| 653 0# - TERMINO DE INDIZACION - NO CONTROLADO |
| Término no controlado |
Representaciones sociales |
| 773 ## - ENLACE AL DOCUMENTO FUENTE/ENTRADA DE REGISTRO ANFITRIÓN |
| Parte(s) relacionada(s) |
Vol. 9, no. 18 (2019), p. 1-19 |
| Título |
RIDE: revista iberoamericana para la investigación y el desarrollo educativo |
| Número Internacional Normalizado para Publicaciones Seriadas |
2007-7467 |
| 856 4# - LOCALIZACIÓN Y ACCESO ELECTRÓNICOS |
| Identificador Uniforme del Recurso |
<a href="http://www.ride.org.mx/index.php/RIDE/article/view/419/1823">http://www.ride.org.mx/index.php/RIDE/article/view/419/1823</a> |
| 856 4# - LOCALIZACIÓN Y ACCESO ELECTRÓNICOS |
| Identificador Uniforme del Recurso |
<a href="https://doi.org/10.23913/ride.v9i18.419">https://doi.org/10.23913/ride.v9i18.419</a> |
| 902 ## - ELEMENTOS DE DATOS B LOCAL, LDB (RLIN) |
| Creó |
Leonor Sotres/120225 |
| 905 ## - TIPO DE MATERIAL |
| Tipo de material |
Articulo |
| 942 ## - ELEMENTOS DE PUNTO DE ACCESO ADICIONAL (KOHA) |
| Tipo de ítem Koha |
Artículo Electrónico |